I diari degli angeli (Record n. 217510)

Dettagli MARC
000 -LEADER
fixed length control field 01332nam a2200217Ia 4500
001 - CONTROL NUMBER
control field a1697-42987
003 - CONTROL NUMBER IDENTIFIER
control field IT-MiCISF
008 - FIXED-LENGTH DATA ELEMENTS--GENERAL INFORMATION
fixed length control field 161014s9999||||xx |||||||||||||| ||und||
040 ## - CATALOGING SOURCE
Original cataloging agency IT-MiCISF
Transcribing agency IT-MiCISF
041 ## - LANGUAGE CODE
Language code of text/sound track or separate title it
999 ## - SYSTEM CONTROL NUMBERS (KOHA)
Koha Dewey Subclass [OBSOLETE] si
100 ## - MAIN ENTRY--PERSONAL NAME
Personal name Soragni Simona (a cura di)
245 #0 - TITLE STATEMENT
Title I diari degli angeli
Remainder of title Storie di aborti spontanei raccolte nei forum di Mammeonline
250 ## - EDITION STATEMENT
Edition statement 1a ed.
260 ## - PUBLICATION, DISTRIBUTION, ETC. (IMPRINT)
Place of publication, distribution, etc. Foggia
Name of publisher, distributor, etc. Editrice Mammeonline
Date of publication, distribution, etc. 2004
300 ## - PHYSICAL DESCRIPTION
Extent pp. 156
500 ## - GENERAL NOTE
General note / aborto, esperienze, vissuto-aborto / Questo libro colleziona una serie di diari, racconti dei dolorosi giorni dell'aborto e del modo in cui se ne è venute fuori. Racconti di ciò che è successo ma soprattutto delle emozioni vissute, improntati alla speranza, al pensiero che questi momenti si possono superare, e contengono anche i semi della rinascita: molti racconti, infatti non si fermano ai giorni dell'aborto, ma si concludono con una nuova gravidanza o con il coronamento del sogno di diventare mamme. Il libro riporta anche alcune informazioni tecniche sull'abortività, perché è importante non dover essere costrette ad accettare perdite prima di cercare di capire se qualcosa non va.
650 ## - SUBJECT ADDED ENTRY--TOPICAL TERM
Topical term or geographic name as entry element Genitorialità e problemi educativi / aborto
Relator term 004
700 ## - ADDED ENTRY--PERSONAL NAME
Personal name Torlai Simona (a cura di)
942 ## - ADDED ENTRY ELEMENTS (KOHA)
Koha item type LIBRO
957 ## -
-- 1
999 ## - SYSTEM CONTROL NUMBERS (KOHA)
-- 1
Dati di copia
Withdrawn status Lost status Damaged status Not for loan Home library Current library Date acquired Total Checkouts Full call number Date last seen Price effective from Koha item type Public note
    Buone Condizioni Not For Loan CISF - Milano CISF - Milano 14/10/2016   a1697-42987 14/10/2016 14/10/2016 LIBRO Data import 15.10.2016 / by Epidotti, Vaglietti
CREDITS: SOCIETA' SAN PAOLO Via A.Severo, 58 - ROMA (RM) & PERIODICI SAN PAOLO SRL Via Giotto, 36 MILANO & CISF Via Giotto, 36 MILANO & EDIZIONI SAN PAOLO SRL,  Piazza Soncino, 5 CINISELLO BALSAMO (MI) -- ITALY